|
|
|
|
| LEADER |
00000cam a2200000 a 4500 |
| 001 |
vtls008817894 |
| 003 |
SK-MaSNL |
| 005 |
20260301080156.0 |
| 008 |
210906s1959 xo f n 000 0 slo |
| 015 |
|
|
|a SNBA1959
|
| 020 |
|
|
|q (viazané)
|
| 035 |
|
|
|a urn:nbn:sk:snk-am00fj1d
|
| 035 |
|
|
|a urn:nbn:sk:snk-am3ityz
|
| 035 |
|
|
|a 7B8B81B8-664B-4DBD-A9F2-8F3B3AD6D651
|
| 040 |
|
|
|a SNK
|b slo
|c SNK
|e AACR2
|
| 041 |
1 |
|
|a slo
|h rus
|
| 044 |
|
|
|a xo
|c SK
|
| 072 |
|
7 |
|a 14
|x Filozofické systémy a hľadiská
|2 konspekt
|
| 080 |
|
|
|a 141.82:329.15
|2 2001
|
| 080 |
|
|
|a 329.146
|2 2011
|
| 080 |
|
|
|a (048.8)
|2 2011
|
| 100 |
1 |
|
|a Lenin, Vladimir Iľjič,
|d 1870-1924
|4 aut
|9 101472
|
| 240 |
1 |
0 |
|a Protiv revizionizma
|l Slovensky
|
| 245 |
1 |
0 |
|a Proti revizionizmu
|c V.I. Lenin ; [z ruského originálu Protiv revizionizma ... preložil kolektív prekladateľov]
|
| 250 |
|
|
|a 1. vyd.
|
| 260 |
|
|
|a Bratislava
|b Slovenské vydavateľstvo politickej literatúry
|c 1959
|
| 300 |
|
|
|a 567 strán
|b tabuľky
|c 21 cm
|
| 366 |
|
|
|e 4000 kusov
|
| 500 |
|
|
|a Frontispice
|
| 500 |
|
|
|a Vydal Ústav dejín Komunistickej strany Slovenska
|
| 500 |
|
|
|a Poznámky pod čiarou ; poznámky na strane 505-561 ; obsahuje opravy
|
| 504 |
|
|
|a Obsahuje bibliografické odkazy
|
| 650 |
0 |
7 |
|a marxizmus-leninizmus
|2 SNKPH
|9 2161
|
| 650 |
0 |
7 |
|a revizionizmus
|2 SNKPH
|9 80167
|
| 655 |
|
7 |
|a štúdie
|2 SNKPH
|9 57033
|
| 710 |
2 |
|
|a Ústav dejín Komunistickej strany Slovenska
|4 pbl
|9 192245
|
| 958 |
|
|
|a RK
|
| 958 |
|
|
|a TL
|
| 958 |
|
|
|a NB
|
| 958 |
|
|
|a SP
|
| 958 |
|
|
|a ONDV
|
| 999 |
|
|
|c 652468
|d 654398
|
| 952 |
|
|
|a SNK
|b SNK
|y PREZ
|7 0
|p 17A0845123
|o snkSC 13047
|i snkKSP 1653/59
|0 0
|1 0
|4 0
|d 2020-02-05
|f 1
|l 0
|r 2025-07-16 00:00:00
|w 2026-02-23
|